Largest Asian Airlines - Statistics

General Stats
  • This quiz has been taken 236 times
  • The average score is 6 of 10
Answer Stats
Passengers Airline % Correct
101.5 mil Air China
91%
126.2 mil China Southern Airlines
78%
42.3 mil Japan Airlines
78%
110.8 mil China Eastern Airlines
76%
58.5 mil Emirates
76%
63.3 mil AirAsia
49%
49.2 mil IndiGo
38%
71.7 mil Hainan Airlines
32%
49.2 mil All Nippon Airways
23%
51.8 mil Lion Air
22%
No matching quizzes found
Score Distribution
Percent of People with Each Score
Percentile by Number Answered
Your Score History
You have not taken this quiz